A study of multiple-output production functions (Registro nro. 26066)

Detalles MARC
000 -LEADER
fixed length control field 00335 a2200109 4500
001 - CONTROL NUMBER
control field ART_12072
005 - DATE AND TIME OF LATEST TRANSACTION
control field 20260410161903.0
008 - FIXED-LENGTH DATA ELEMENTS--GENERAL INFORMATION
fixed length control field 260409a
100 1# - MAIN ENTRY--PERSONAL NAME
Personal name Hasenkamp, Georg
245 10 - TITLE STATEMENT
Title A study of multiple-output production functions
773 0# - HOST ITEM ENTRY
Title Journal of econometrics
Related parts - Vol. 4, Nº 3 (ago. 1976)
Record control number REV11720

No hay ítems disponibles.